000 00291nam a22001337a 4500
008 180927b xxu||||| |||| 00| 0 eng d
020 _a9781455712304
041 _aeng
080 _a616-053.2
100 _a8
101 _aPED
245 _aPediatric clinics
_cLaxer,R.M
942 _2udc
_cBK
999 _c48601
_d48601